Prueba de Lesoto - Estadísticas

Estadísticas generales
  • Esta prueba ha sido intentada 800 veces
  • La puntuación promedio es 8 de 16
Estadísticas de respuestas
Pista Respuesta % Correcto
País que rodea completamente a Lesoto Sudáfrica
99%
Idiomas oficiales Inglés
92%
Nombra cualquiera de los otros dos países africanos que son monarquías Esuatini | Marruecos
84%
El 25% de los adultos en Lesoto son positivos para este virus, el segundo más alto de cualquier país VIH
78%
Capital de Lesoto Maseru
64%
Lesoto tiene la quinta mayor _____ media de cualquier país, por detrás de Nepal, Bután, Tayikistán y Kirguistán Altitud
57%
El país del ficticio Universo Cinematográfico Marvel que fue inspirado por Lesoto Wakanda
51%
Lesotho es el hogar de una de las dos estaciones de ___ en el sur de África Esquí
43%
El objeto que aparece en la bandera de Lesoto {Sombrero} de paja
42%
El mamífero en peligro de extinción que es el animal nacional de Lesoto {Rinoceronte} negro
39%
Idiomas oficiales Sesoto
30%
El río más largo que atraviesa Lesoto Río Orange
27%
Nombre cualquiera de las dos monedas utilizadas en Lesoto Loti | Rand
22%
Las partes orientales de Lesoto están cubiertas por esta cadena montañosa {Drakens}berg
20%
Nombre colonial de Lesoto {Basuto}landia
19%
Los habitantes originales de Lesoto, comienza con S San
10%
No se encontraron pruebas coincidentes
Distribución de puntuación
Porcentaje de gente con cada puntuación
Porcentaje por número respondido
Historial de tus puntuaciones
No has intentado esta prueba.